<?xml version="1.0" encoding="UTF-8"?>
<record
    xmlns:xsi="http://www.w3.org/2001/XMLSchema-instance"
    xsi:schemaLocation="http://www.loc.gov/MARC21/slim http://www.loc.gov/standards/marcxml/schema/MARC21slim.xsd"
    xmlns="http://www.loc.gov/MARC21/slim">

  <leader>02272nam a22003137a 4500</leader>
  <controlfield tag="003">DO-SdBPM</controlfield>
  <controlfield tag="005">20251013121510.0</controlfield>
  <controlfield tag="007">ta</controlfield>
  <controlfield tag="008">161031b2024  pr  a 00| 0 spa d</controlfield>
  <datafield tag="020" ind1=" " ind2=" ">
    <subfield code="a">9781944352530</subfield>
  </datafield>
  <datafield tag="040" ind1=" " ind2=" ">
    <subfield code="a">DO-SdBPM</subfield>
    <subfield code="b">spa</subfield>
    <subfield code="c">BPMSU</subfield>
    <subfield code="e">rda</subfield>
  </datafield>
  <datafield tag="082" ind1=" " ind2="4">
    <subfield code="a">972.95</subfield>
    <subfield code="b">C921L 2024</subfield>
    <subfield code="2">22</subfield>
  </datafield>
  <datafield tag="100" ind1="1" ind2=" ">
    <subfield code="a"> Crespo-Arm&#xE1;iz, Jorge L.</subfield>
    <subfield code="e">autor </subfield>
  </datafield>
  <datafield tag="245" ind1="0" ind2="0">
    <subfield code="a"> La linterna m&#xE1;gica : </subfield>
    <subfield code="b">Puerto Rico a trav&#xE9;s de vistas en cristal (1834-1930) / </subfield>
    <subfield code="c">Jorge L. Crespo Arm&#xE1;iz   ; pr&#xF3;logo  Libia Gonz&#xE1;lez L&#xF3;pez</subfield>
  </datafield>
  <datafield tag="250" ind1=" " ind2=" ">
    <subfield code="a"> </subfield>
  </datafield>
  <datafield tag="264" ind1=" " ind2=" ">
    <subfield code="a">San Juan, Puerto Rico : </subfield>
    <subfield code="b">Fundaci&#xF3;n Luis Mu&#xF1;oz Mar&#xED;an;</subfield>
    <subfield code="b"> Colectivo Editorial Luscinia, </subfield>
    <subfield code="c">2024</subfield>
  </datafield>
  <datafield tag="300" ind1=" " ind2=" ">
    <subfield code="a">221 p&#xE1;ginas : </subfield>
    <subfield code="b">ilustraci&#xF3;n, retrato ;</subfield>
    <subfield code="c">23 cm. </subfield>
  </datafield>
  <datafield tag="336" ind1=" " ind2=" ">
    <subfield code="a">texto</subfield>
    <subfield code="b">txt</subfield>
    <subfield code="2">rdacontent</subfield>
  </datafield>
  <datafield tag="337" ind1=" " ind2=" ">
    <subfield code="a">sin mediaci&#xF3;n </subfield>
    <subfield code="b">n</subfield>
    <subfield code="2">rdamedia </subfield>
  </datafield>
  <datafield tag="338" ind1=" " ind2=" ">
    <subfield code="a">volumen </subfield>
    <subfield code="b">nc</subfield>
    <subfield code="2">rdacarrier</subfield>
  </datafield>
  <datafield tag="504" ind1=" " ind2=" ">
    <subfield code="a">Bibliograf&#xED;a : p&#xE1;ginas 220-221</subfield>
  </datafield>
  <datafield tag="505" ind1="0" ind2=" ">
    <subfield code="a">Mensaje del director de la Fundaci&#xF3;n Luis Mu&#xF1;oz Mar&#xED;n. Dr. Javier Alem&#xE1;n Iglesias, 9.-- Prefacio, 11.-- Listado de abreviaturas, 13.-- Pr&#xF3;logo : La imagen fant&#xE1;stica : del coleccionismo a la historia. Dra. Libia Gonz&#xE1;lez L&#xF3;pez, 15.-- La "linterna m&#xE1;gica" : or&#xED;genes y evoluci&#xF3;n / De la c&#xE1;mara oscura a la imagen fija, 19.-- La laterna magika y la imagen proyectada, 21.-- Las fantasmagor&#xED;as, 23.-- Movimientos mec&#xE1;nicos, 24.-- Fotograf&#xED;a, electricidad y masificaci&#xF3;n, 25.-- Impacto cultural y educativo de la linterna m&#xE1;gica, 26.-- La linterna m&#xE1;gica en Puerto Rico, 27.-- La Colecci&#xF3;n Jorge L. Crespo Arm&#xE1;iz, 35.-- Proyectando al subalterno : altruismo y discurso colonial a trav&#xE9;s de la colecci&#xF3;n de vistas en cristal de la iglesia presbiteriana (ca. 1925), 43.-- La Colecci&#xF3;n Jos&#xE9; A. Hern&#xE1;ndez-Mayoral, 59.-- Entre grietas y sombras : el paso del tiempo y el olvido sobre las im&#xE1;genes en cristal. Dr. Jos&#xE9; Orlando Sued, 65.-- Ep&#xED;logo, 71.-- Galer&#xED;a I : Colecci&#xF3;n Jorge L. Crespo Arm&#xE1;iz, 75.-- Galer&#xED;a II : Colecci&#xF3;n Jos&#xE9; A. Hern&#xE1;ndez-Mayoral, 159.-- Referencias, 220.</subfield>
  </datafield>
  <datafield tag="590" ind1=" " ind2=" ">
    <subfield code="a">Inventariado, 2025/VM</subfield>
  </datafield>
  <datafield tag="651" ind1=" " ind2="7">
    <subfield code="a">Puerto Rico</subfield>
    <subfield code="x">Historia</subfield>
    <subfield code="y">Siglos XIX-XX </subfield>
    <subfield code="v"> </subfield>
    <subfield code="z"> </subfield>
  </datafield>
  <datafield tag="651" ind1=" " ind2="7">
    <subfield code="a">Puerto Rico</subfield>
    <subfield code="x">Historia en gr&#xE1;ficas </subfield>
    <subfield code="y">Siglos XIX-XX</subfield>
  </datafield>
  <datafield tag="700" ind1="1" ind2=" ">
    <subfield code="a">Gonz&#xE1;lez L&#xF3;pez, Libia</subfield>
    <subfield code="e">pr&#xF3;logo  </subfield>
  </datafield>
  <datafield tag="910" ind1=" " ind2=" ">
    <subfield code="a">VMateo V. Control de calidad. BPMSU</subfield>
  </datafield>
  <datafield tag="942" ind1=" " ind2=" ">
    <subfield code="2">ddc</subfield>
    <subfield code="c">BK</subfield>
  </datafield>
  <datafield tag="952" ind1=" " ind2=" ">
    <subfield code="0">0</subfield>
    <subfield code="1">0</subfield>
    <subfield code="2">ddc</subfield>
    <subfield code="7">0</subfield>
    <subfield code="8">CG</subfield>
    <subfield code="a">BPMET</subfield>
    <subfield code="b">BPMET</subfield>
    <subfield code="d">2025-10-13</subfield>
    <subfield code="l">0</subfield>
    <subfield code="o">BPMSU CG 972.95 C921L 2024</subfield>
    <subfield code="p">BPMSU25100028</subfield>
    <subfield code="r">2025-10-13</subfield>
    <subfield code="w">2025-10-13</subfield>
    <subfield code="y">BK</subfield>
  </datafield>
  <datafield tag="999" ind1=" " ind2=" ">
    <subfield code="c">15434</subfield>
    <subfield code="d">15434</subfield>
  </datafield>
</record>
